000 00570nam a22001937a 4500
999 _c173908
_d173908
005 20200312111759.0
010 _aUR-10747
020 _c570.00
_a9788192747750
035 _aU-9302
037 _bDBAD/PUB
_a-
082 _a841
100 _aجعفر ر ضا
245 _aا حسا س کا سفر
_cجعفر ر ضا
246 _bAhsas Ka Safar (Urdu)
_aby Saiyed Jafar Raza
260 _aDelhi
_bShabistan
_c2019 ء
270 _a786,Shah Ganj,
_bAllahabad
_e211003
_k-
_l-
300 _a143 ص
_c22 Cm(Hb)
942 _2ddc
_cUR
_h841
_mس ي د